| 000 | 01624nam a2200349 a 4500 | ||
|---|---|---|---|
| 001 | 37480 | ||
| 003 | BD-RjUL | ||
| 005 | 20211209052620.0 | ||
| 008 | 980122s1998 bg a b f100 0 eng | ||
| 020 | _a9843002695 (v. 1) | ||
| 020 | _z9843002703(v. 2) | ||
| 035 |
_a(DLC) 97914218 _a(BD-RjUL)37584 |
||
| 040 |
_aDLC _cDLC _dDLC _dBD-RjUL _beng |
||
| 041 | _aeng | ||
| 082 | 0 | 0 |
_a530.41 _221 _bREC 1998 |
| 245 | 0 | 0 |
_aRecent developments in condensed matter physics and nuclear science : _bproceedings of the international workshop held at Rajshahi University, Bangladesh, 28 Oct.-1 Nov. 1996 / _ceditorial board A.K.M.A. Islam ... [et al.]. |
| 246 | 1 | 4 | _aProceedings of the International Workshop on Recent Developments in Condensed Matter Physics and Nuclear Science, Rajshahi, Bangladesh, 28 Oct.-1 Nov. 1996 |
| 260 |
_aRajshahi : _bPhysics Dept., Rajshahi University, _cc1998. |
||
| 300 |
_ax, 198 p. : _bill. ; _c26 cm. |
||
| 500 | _aVol. 2 edited by A.S. Mondal, members, M. M. Haque ... [et al.] | ||
| 504 | _aIncludes bibliographical references. | ||
| 505 | 0 | _av. 1. Condensed matter physics -- v. 2. Nuclear science. | |
| 650 | 0 |
_aCondensed matter _xCongresses. _9115108 |
|
| 650 | 0 |
_aNuclear physics _xCongresses. _9115109 |
|
| 700 | 1 |
_aIslam, A. K. M. Aminul. _9115110 |
|
| 700 | 1 |
_aMondal, A. S. _9115111 |
|
| 710 | 2 |
_aRajshahi University. _bPhysics Department. _9115112 |
|
| 711 | 2 |
_aInternational Workshop on Recent Developments in Condensed Matter Physics and Nuclear Science _d(1996 : _cRājshāhi, Bangladesh) _9115113 |
|
| 942 |
_2ddc _cBK |
||
| 999 |
_c37480 _d37480 |
||